000 00337nab a22001097u 4500
008 130520b1987 xxu||||| |||| 00| 0 spa d
041 _aspa
100 1 _aRiccardi, Andrea
_94645
245 0 0 _aEl Vaticano de Pío XII y el partido político
_cAndrea Riccardi
773 0 _tConcilium
_gV.2,1987,págs.217-231
_x0210-1041
_wRev134
942 _cAR
999 _c355339
_d355339